[Event "Sochi Lazarevskoe op"]
[Site "Sochi"]
[Date "2012.06.22"]
[Round "9"]
[White "Loginov, Alexander"]
[Black "Shirshikov, Nikolai"]
[Result "1-0"]
[WhiteElo "2265"]
[BlackElo "2149"]
[PlyCount "48"]
[EventDate "2012.06.14"]
[EventType "swiss"]
[EventRounds "9"]
[EventCountry "RUS"]
[SourceTitle "EXT 2013"]
[Source "ChessBase"]
[SourceDate "2012.11.22"]
[SourceVersion "1"]
[SourceVersionDate "2012.11.22"]
[SourceQuality "1"]

1. f4 c5 2. Nf3 Nc6 3. e3 Nf6 4. b3 g6 5. Bb2 Bg7 6. Bb5 Qc7 7. 0-0 0-0 8. d3 d5 9. Bxc6 Qxc6 10. Qe1 b6 11. Nbd2 Bb7 12. a4 Rad8 13. Ne5 Qc7 14. Qh4 h5 15. h3 Nh7 16. Ndf3 c4 17. Rac1 a6 18. a5 c3 19. Ba3 Bf6 20. Qf2 bxa5 21. g4 d4 22. e4 hxg4 23. hxg4 Ng5 24. Nxg5 Bxg5 1-0

[Event "Sochi Lazarevskoe op"]
[Site "Sochi"]
[Date "2012.06.17"]
[Round "4"]
[White "Shirshikov, Nikolai"]
[Black "Fomichev, Sergey"]
[Result "1/2-1/2"]
[WhiteElo "2149"]
[BlackElo "2058"]
[PlyCount "88"]
[EventDate "2012.06.14"]
[EventType "swiss"]
[EventRounds "9"]
[EventCountry "RUS"]
[SourceTitle "EXT 2013"]
[Source "ChessBase"]
[SourceDate "2012.11.22"]
[SourceVersion "1"]
[SourceVersionDate "2012.11.22"]
[SourceQuality "1"]

1. e4 d5 2. exd5 Qxd5 3. Nc3 Qa5 4. d4 c6 5. Bc4 Bf5 6. Nf3 e6 7. 0-0 Nd7 8. Re1 Ngf6 9. Bd2 Qc7 10. d5 cxd5 11. Bxd5 0-0-0 12. Nd4 Bg4 13. Bf3 Bxf3 14. Qxf3 a6 15. Bf4 e5 16. Bg3 Bc5 17. Rad1 Rhe8 18. Nf5 g6 19. Ne3 Qc6 20. Qxc6+ bxc6 21. Nc4 Re6 22. Na4 Be7 23. Bxe5 Nxe5 24. Rxd8+ Bxd8 25. Rxe5 Nd7 26. Rxe6 fxe6 27. Kf1 Kc7 28. Ke2 c5 29. Kd3 Kc6 30. Nc3 Bc7 31. h3 Nf6 32. Ne4 Nd5 33. g3 h5 34. Ng5 Nb4+ 35. Ke4 Kd7 36. Ne5+ Ke7 37. f4 Bxe5 38. Kxe5 Nc6+ 39. Ke4 Nb4 40. c3 Nxa2 41. Kd3 Nc1+ 42. Kc4 Ne2 43. Kxc5 h4 44. gxh4 Nxf4 1/2-1/2

[Event "Sochi Lazarevskoe op"]
[Site "Sochi"]
[Date "2012.06.16"]
[Round "3"]
[White "Shirshikov, Nikolai"]
[Black "Barsegian, Ararat"]
[Result "0-1"]
[WhiteElo "2149"]
[BlackElo "2188"]
[PlyCount "58"]
[EventDate "2012.06.14"]
[EventType "swiss"]
[EventRounds "9"]
[EventCountry "RUS"]
[SourceTitle "EXT 2013"]
[Source "ChessBase"]
[SourceDate "2012.11.22"]
[SourceVersion "1"]
[SourceVersionDate "2012.11.22"]
[SourceQuality "1"]

1. c4 Nc6 2. d4 e5 3. e3 Nf6 4. Nf3 Bb4+ 5. Nbd2 exd4 6. exd4 d5 7. a3 Bxd2+ 8. Bxd2 0-0 9. Be2 dxc4 10. Bg5 h6 11. Bh4 Na5 12. Qa4 b6 13. 0-0 Be6 14. Rad1 c6 15. Ne5 b5 16. Qb4 g5 17. Bg3 Nd5 18. Qd2 Nb3 19. Qc2 Qc8 20. Bh5 Bf5 21. Qe2 f6 22. Ng4 Bxg4 23. Bxg4 f5 24. Qc2 Qe6 25. Rfe1 Qf7 26. Bd6 fxg4 27. Bxf8 Rxf8 28. Re4 Nf4 29. Rde1 Qf5 0-1

[Event "Sochi Lazarevskoe op"]
[Site "Sochi"]
[Date "2012.06.15"]
[Round "2"]
[White "Perekrestov, Viktor"]
[Black "Shirshikov, Nikolai"]
[Result "1/2-1/2"]
[WhiteElo "1926"]
[BlackElo "2149"]
[PlyCount "89"]
[EventDate "2012.06.14"]
[EventType "swiss"]
[EventRounds "9"]
[EventCountry "RUS"]
[SourceTitle "EXT 2013"]
[Source "ChessBase"]
[SourceDate "2012.11.22"]
[SourceVersion "1"]
[SourceVersionDate "2012.11.22"]
[SourceQuality "1"]

1. e4 c5 2. Nf3 Nc6 3. c3 d5 4. exd5 Qxd5 5. d4 Nf6 6. Be2 cxd4 7. cxd4 e6 8. Nc3 Bb4 9. 0-0 Qa5 10. Bd2 Qd8 11. a3 Be7 12. Bf4 0-0 13. Nb5 Nd5 14. Bg3 a6 15. Nc3 b5 16. Ne5 Bb7 17. Nxd5 exd5 18. Rc1 Rc8 19. Nxc6 Bxc6 20. Qd3 f5 21. Be5 Qd7 22. f4 a5 23. Qg3 Bf6 24. Rc5 Rf7 25. Rfc1 Be7 26. R5c2 Qb7 27. Bd3 Bf8 28. Qh3 g6 29. g4 fxg4 30. Qxg4 Bd7 31. Qe2 b4 32. Rc7 Bg4 33. Qxg4 Rcxc7 34. Bxc7 Rxc7 35. Rxc7 Qxc7 36. Qe6+ Qf7 37. Qxf7+ Kxf7 38. axb4 axb4 39. Kf2 Bg7 40. Ke3 Bf6 41. Bf1 Ke6 42. Bh3+ Kd6 43. b3 Bh4 44. Bg4 Be1 45. h3 1/2-1/2

[Event "Soukhumi op"]
[Site "Soukhumi"]
[Date "2007.08.05"]
[Round "3"]
[White "Shirshikov, Nikolai"]
[Black "Pushkov, Nikolai"]
[Result "1/2-1/2"]
[WhiteElo "2138"]
[BlackElo "2513"]
[PlyCount "66"]
[EventDate "2007.08.03"]
[EventType "swiss"]
[EventRounds "9"]
[EventCountry "RUS"]
[SourceTitle "EXT 2009"]
[Source "ChessBase"]
[SourceDate "2008.11.26"]
[SourceVersion "1"]
[SourceVersionDate "2008.11.26"]
[SourceQuality "1"]

1. e4 e6 2. d4 d5 3. Nd2 Be7 4. Ngf3 Nf6 5. Bd3 c5 6. e5 Nfd7 7. c3 Nc6 8. Qe2 Qb6 9. dxc5 Nxc5 10. Bc2 a5 11. Nd4 Bd7 12. N2f3 0-0 13. 0-0 Nxd4 14. Nxd4 f5 15. exf6 Bxf6 16. Be3 Qd6 17. Rad1 Qe7 18. Rfe1 g6 19. Nf3 b5 20. Bd4 b4 21. Ne5 Rac8 22. Qe3 Be8 23. Ng4 Bg7 24. Bxg7 Qxg7 25. cxb4 axb4 26. Rd4 Kh8 27. Bb1 Na4 28. Rxb4 Nxb2 29. Qxe6 Bf7 30. Qe2 Rfe8 31. Ne3 Nc4 32. Qd1 Qf6 33. Bd3 Nxe3 1/2-1/2

[Event "RUS South Region-ch op"]
[Site "Belorechensk"]
[Date "2005.06.??"]
[Round "?"]
[White "Shirshikov, Nikolai"]
[Black "Kupin, Vladimir"]
[Result "1-0"]
[WhiteElo "2181"]
[BlackElo "2000"]
[PlyCount "33"]
[EventDate "2005.06.??"]
[EventType "swiss"]
[EventRounds "9"]
[EventCountry "RUS"]
[SourceTitle "EXT 2007"]
[Source "ChessBase"]
[SourceDate "2006.11.23"]
[SourceVersion "1"]
[SourceVersionDate "2006.11.23"]
[SourceQuality "1"]

1. e4 c5 2. Nf3 d6 3. c3 Nf6 4. e5 dxe5 5. Nxe5 Qd5 6. d4 Nc6 7. Bc4 Qe4+ 8. Qe2 Nxe5 9. Qxe4 Nxe4 10. dxe5 h6 11. Na3 a6 12. Be3 e6 13. Bd3 Ng5 14. h4 Nh7 15. 0-0-0 b5 16. Be4 Rb8 17. Bc6+ 1-0